Central Library OPAC University of Rajshahi

Roots in the void : (Record no. 7623)

MARC details
000 -LEADER
fixed length control field 00800cam a2200265 i 4500
001 - CONTROL NUMBER
control field 7623
003 - CONTROL NUMBER IDENTIFIER
rucl marc code BD-RjUL
005 - DATE AND TIME OF LATEST TRANSACTION
control field 20211208234440.0
008 - FIXED-LENGTH DATA ELEMENTS--GENERAL INFORMATION
fixed length control field 140126s1977 ii 000 0 eng
035 ## - SYSTEM CONTROL NUMBER
System control number (BD-RjUL)7667
040 ## - CATALOGING SOURCE
Original cataloging agency DLC
Transcribing agency DLC
Modifying agency BD-RjUL
Language of cataloging eng
041 1# - LANGUAGE CODE
Language code of text/sound track or separate title engben
082 00 - DEWEY DECIMAL CLASSIFICATION NUMBER
Classification number 891.441008
Author mark and year Roo 1977
245 10 - TITLE STATEMENT
Title Roots in the void :
Remainder of title Baul songs of Bengal /
Statement of responsibility, etc. translated by Alokeranjan Dasgupta, Mary Ann Dasgupta.
250 ## - EDITION STATEMENT
Edition statement 1st ed.
260 ## - PUBLICATION, DISTRIBUTION, ETC. (IMPRINT)
Place of publication, distribution, etc. Calcutta :
Name of publisher, distributor, etc. K. P. Bagchi,
Date of publication, distribution, etc. 1977.
300 ## - PHYSICAL DESCRIPTION
Pagination 79 p. ;
Size 22 cm.
504 ## - BIBLIOGRAPHY, ETC. NOTE
Bibliography, etc Includes bibliographical references.
650 #0 - SUBJECT ADDED ENTRY--TOPICAL TERM
Topical term or geographic name as entry element Folk songs, Bengali
General subdivision Texts.
9 (RLIN) 23774
700 1# - ADDED ENTRY--PERSONAL NAME
Personal name Dasgupta, Alokeranjan.
Personal name Dasgupta, Mary Ann,
Dates associated with a name 1937-
942 ## - ADDED ENTRY ELEMENTS (KOHA)
Source of classification or shelving scheme Dewey Decimal Classification
Koha item type Books
Holdings
Lost status Source of classification or shelving scheme Damaged status Not for loan Collection code Permanent Location Current Location Date acquired Source of acquisition Cost, normal purchase price Total Checkouts Full call number Date last seen Copy number Koha item type
  Dewey Decimal Classification   Not For Loan Fiction Central Library, University of Rajshahi Central Library, University of Rajshahi 27/09/1978 India int. Calcullte 15.00   891.441008 Roo 1977 15/01/2014 C-1 Books